00528nam a2200169Ia 4500008004000000082001600040100002700056245004600083260002700129300000800156440000600164650002100170690002000191906001000211999001700221952012000238210210b1968 xxu||||| |||| 00| 0 eng d a940.53 CHUS aCHURCHILL (Winston S). aSecond world war, 5. Germany drives east. aLondon.bCassellc1968 a338 a5 aII World War  aEuropean Histor a02758 c78868d78868 001040708HistoryaALbALcHistoryd2021-02-17g5.85l0o940.53 CHUSp027583r2021-02-17 00:00:00w2021-02-17yBK